000
00294nam a2200121Ia 4500
008
190216s9999||||xx |||||||||||||| ||und||
100
_a
Calicut University
245
0
_a
Adhunika Kavitha
260
_b
University Of Calicut
_c
1982
300
_a
36p
650
_a
Malayalam Kavitha
942
_c
BK
999
_c
25485
_d
25485